Ave María en Latín - Estadísticas

Estadísticas generales
  • Esta prueba ha sido intentada 36 veces
  • La puntuación promedio es 18 de 31
Estadísticas de respuestas
Palabras % Correcto
Ave
92%
Maria
92%
Maria
92%
Amen
64%
Gratia
60%
In
60%
In
60%
Plena
60%
Tu
60%
Dei
56%
Dominus
56%
Iesus/Jesús
56%
Mater
56%
Sancta
56%
Ventris
56%
Benedictus
52%
Et
52%
Et
52%
Fructus
52%
Nobis
52%
Ora
52%
Pro
52%
Benedicta
48%
Hora
48%
Mortis
48%
Nunc
48%
Peccatoribus
48%
Tecum
48%
Tui
48%
Mulieribus
40%
Nostrae
40%
No se encontraron pruebas coincidentes
Distribución de puntuación
Porcentaje de gente con cada puntuación
Porcentaje por número respondido
Historial de tus puntuaciones
No has intentado esta prueba.